| 000 | 00530nam a2200181Ia 4500 | ||
|---|---|---|---|
| 008 | 140609s9999 xx 000 0 und d | ||
| 020 | _a9780240526003 | ||
| 050 |
_aTR 899 _b.B786 2013 |
||
| 100 | _aBowen, Christopher J. | ||
| 245 |
_aGrammar of the edit / _cChristopher J. Bowen, Roy Thompson |
||
| 250 | _a3rd ed. | ||
| 260 |
_aBurlington, MA : _bFocal Press, _cc2013. |
||
| 300 |
_a270 p. : _bill. ; _c23 cm. |
||
| 500 | _aIncludes appendices, glossary and index. | ||
| 521 | _aMA | ||
| 942 |
_kFOR _cBK |
||
| 999 |
_c118053 _d118053 |
||